Cowan and steel's manual for the identification of medical bacteria (Record no. 8753)

000 -LEADER
fixed length control field 00286nam a22001217a 4500
040 ## - CATALOGING SOURCE
Transcribing agency HS
082 ## - DEWEY DECIMAL CLASSIFICATION NUMBER
Classification number 636
100 ## - MAIN ENTRY--AUTHOR NAME
Personal name G.I.BARROW
245 ## - TITLE STATEMENT
Title Cowan and steel's manual for the identification of medical bacteria
260 ## - PUBLICATION, DISTRIBUTION, ETC. (IMPRINT)
Place of publication American
Name of publisher G.I.BARROW
Year of publication NA
300 ## - PHYSICAL DESCRIPTION
Number of Pages 238p.
942 ## - ADDED ENTRY ELEMENTS (KOHA)
Koha item type សៀវភៅភាសាអង់គ្លេស
952 ## - LOCATION AND ITEM INFORMATION (KOHA)
Withdrawn status [LOCAL, KOHA] 0
952 ## - LOCATION AND ITEM INFORMATION (KOHA)
Withdrawn status [LOCAL, KOHA] 0
Holdings
Permanent Location Date acquired Koha item type Lost status Shelving location Barcode Current Location Full call number
Library Block C2016-08-12សៀវភៅភាសាអង់គ្លេស C244RUA045634Library Block C636 GIB NA C244
Library Block C2016-10-13សៀវភៅភាសាអង់គ្លេស C249RUA045041Library Block C636 BAR NA C249
មជ្ឈមណ្ឌលឯការនៃសាកលវិទ្យាល័យភូមិន្ទកសិកម្មចំការដូង

Powered by Koha